000 00350nam a2200133Ia 4500
008 221030s9999 xx 000 0 und d
041 _aEnglish
100 _aT. N. Chabbra
245 0 _aPrinciples & Practice Of Management
_cby T. N. Chabbra
260 _bDhanpat Rai Pub
_aNew Delhi
_c2008
300 _a907
650 _aBB Management
942 _cBK
999 _c16608
_d16608